| 000 | 003960000a22001690004500 | ||
|---|---|---|---|
| 003 | MACL | ||
| 005 | 20151229122551.0 | ||
| 008 | 151229b xxu||||| |||| 00| 0 eng d | ||
| 040 |
_aMACL _cMACL |
||
| 041 | _aEnglish | ||
| 082 | _a189.3 | ||
| 100 |
_aVaux, Carra De _923658 |
||
| 245 | _aAvicenne | ||
| 260 |
_bFelix Alcan _c1900 _aParis |
||
| 650 |
_aPhilosophy _923659 |
||
| 942 |
_cBK _k189.3 _2ddc |
||
| 999 |
_c39187 _d39187 |
||